000
00316nam a22001337a 4500
008
181009b xxu||||| |||| 00| 0 eng d
020
_a
0538819472
041
_a
eng
080
_a
330
100
_a
58
101
_a
BIZ
245
_a
The Legal and Regulatory Environment of Business
_c
Cameron,G.D
942
_2
udc
_c
BK
999
_c
49247
_d
49247